Challenges of education in 21st century / (Record no. 51806)

MARC details
000 -LEADER
fixed length control field 01101nam a22002897a 4500
005 - DATE AND TIME OF LATEST TRANSACTION
control field 20110421145413.0
008 - FIXED-LENGTH DATA ELEMENTS--GENERAL INFORMATION
fixed length control field 110421t xxu||||| |||| 00| 0 eng d
010 ## - LCCN (DPL NO)
LC control number ENG-102273
020 ## - INTERNATIONAL STANDARD BOOK NUMBER
International Standard Book Number 9788184502749
Terms of availability 2050.00
035 ## - SYSTEM CONTROL NUMBER
System control number EN-85806
037 ## - SOURCE OF ACQUISITION
Source of stock number/acquisition DBAD / PUB
040 ## - CATALOGING SOURCE
Original cataloging agency dpl
Language of cataloging English
082 ## - DEWEY DECIMAL CLASSIFICATION NUMBER
Classification number 370.954
100 ## - MAIN ENTRY--PERSONAL NAME
9 (RLIN) 27410
245 ## - TITLE STATEMENT
Title Challenges of education in 21st century /
Statement of responsibility, etc edited by Anil Kumar Thakur [and] Mohan Patel
260 ## - PUBLICATION, DISTRIBUTION, ETC. (IMPRINT)
Place of publication, distribution, etc New Delhi
Name of publisher, distributor, etc Deep & Deep Publications
Date of publication, distribution, etc 2010
270 ## - ADDRESS
Address F-159, Rajouri Garden
City New Delhi
Postal code 110027
300 ## - PHYSICAL DESCRIPTION
Extent xliv,553p.
Dimensions 22cm (Hb)
500 ## - GENERAL NOTE
General note Includes bibliographical references and index
650 ## - SUBJECT ADDED ENTRY--TOPICAL TERM
9 (RLIN) 27411
650 ## - SUBJECT ADDED ENTRY--TOPICAL TERM
9 (RLIN) 27412
700 ## - ADDED ENTRY--PERSONAL NAME
9 (RLIN) 27415
Personal name Thakur, Anil Kumar
700 ## - ADDED ENTRY--PERSONAL NAME
Personal name Patel, Mohan
9 (RLIN) 27421
942 ## - ADDED ENTRY ELEMENTS (KOHA)
Institution code [OBSOLETE] dpl
Item type English Books
Source of classification or shelving scheme Dewey Decimal Classification
Call number suffix CHA
Classification part 370.954
Holdings
Withdrawn status Lost status Source of classification or shelving scheme Damaged status Not for loan Collection code Home library Current library Date acquired Source of acquisition Cost, normal purchase price Total Checkouts Full call number Barcode Date last seen Copy number Cost, replacement price Koha item type
    Dewey Decimal Classification   Not For Loan Non-fiction D.B.Act.Division D.B.Act.Division 21/04/2011 DBAD/PUB 2050.00   370.954 CHA EN-85806 21/04/2011 1 2050.00 English Books

© Delhi Public Library
Hit Counter
free hit counter